Discours / (Record no. 23860)

MARC details
000 -LEADER
campo de control de longitud fija 00678nam a2200205 i 4500
001 - NÚMERO DE CONTROL
campo de control 23860
003 - IDENTIFICADOR DE NÚMERO DE CONTROL
campo de control ES-MaACL
005 - FECHA Y HORA DE LA ÚLTIMA TRANSACCIÓN
campo de control 20230906152940.0
007 - CAMPO FIJO DE DESCRIPCIÓN FÍSICA--INFORMACIÓN GENERAL
campo de control de longitud fija t|
008 - DATOS DE LONGITUD FIJA--INFORMACIÓN GENERAL
campo de control de longitud fija 021212s1930 fr ||||1| fre d
100 1# - ENTRADA PRINCIPAL--NOMBRE DE PERSONA
Nombre de persona Andócides.
9 (RLIN) 21497
245 10 - MENCIÓN DEL TÍTULO
Título Discours /
Mención de responsabilidad, etc. Andócides ; texte établi et traduit par Georges Dalmeyda.
260 ## - PUBLICACIÓN, DISTRIBUCIÓN, ETC.
Lugar de publicación, distribución, etc. Paris :
Nombre del editor, distribuidor, etc. Societé d'Education "Les Belles Lettres",
Fecha de publicación, distribución, etc. 1930 (
Lugar de fabricación/manufactura Chartres :
Fabricante Durand)
300 ## - DESCRIPCIÓN FÍSICA
Extensión XXXVI, 154 p. ;
Dimensiones 20 cm.
490 1# - MENCIÓN DE SERIE
Mención de serie Collection des Universités de France
700 1# - ENTRADA AGREGADA--NOMBRE PERSONAL
Nombre de persona Dalmeyda, Georges.
9 (RLIN) 42532
830 0# - PUNTO DE ACCESO ADICIONAL DE SERIE-TÍTULO UNIFORME
Título uniforme Collection des Universités de France
9 (RLIN) 180876
852 ## - LOCALIZACIÓN
Ubicación ES-MaACL
Número de control de estantería C-6838
Holdings
Estatus retirado Estado de pérdida Estado de daño No para préstamo Biblioteca de origen Biblioteca actual Ubicación en estantería Fecha de adquisición Fuente de adquisición Total de préstamos Signatura topográfica completa Código de barras Visto por última vez Precio de reemplazo Tipo de ítem Koha
        Biblioteca del Ateneo de Madrid Biblioteca del Ateneo de Madrid Sala Palomar 17/01/2008     C-6838 1024589 23/02/2023 23/02/2023 Libro impreso